000 01438cam a2200373 a 4500
001 4381783
003 OSt
005 20140310182247.0
008 910319s1992 nyua j 000 1 eng
010 _a 91071573
020 _a0448403110
040 _aDLC
_cDLC
_dDLC
042 _alcac
050 0 0 _aPZ 7
_b.M768 1998
082 _aFIC
_bM76 1998
100 1 _aMontgomery, L. M.
_q(Lucy Maud),
_d1874-1942.
_919616
245 1 0 _aAnne of the island /
_cL.M. Montgomery
260 _aNew York :
_bL. C. Page & Company, Inc.,
_c1915.
300 _a243 p. :
_bill. ;
_c18 cm.
440 0 _aIllustrated junior library
_919617
520 _aContinues the adventures of Anne Shirley and her friends at college.
541 _j1
650 1 _aOrphans
_vFiction.
_919618
650 1 _aSelf-perception
_vFiction.
_919619
650 1 _aInterpersonal relations
_vFiction.
_919620
650 1 _aUniversities and colleges
_vFiction.
_919621
651 1 _aPrince Edward Island
_xHistory
_y20th century
_vFiction.
_919622
651 1 _aNova Scotia
_xHistory
_y20th century
_vFiction.
_919623
651 1 _aCanada
_xHistory
_y1914-1945
_vFiction.
_919624
700 1 _aGraham, Mark,
_d1952-
_eill.
_919625
906 _a7
_bcbc
_corignew
_d2
_eopcn
_f19
_gy-gencatlg
942 _2lcc
_cBK-FIC
_kFIC
999 _c11269
_d11269